[Event "St Chely d'Aubrac op 3rd"]
[Site "St Chely d'Aubrac"]
[Date "2003.07.17"]
[Round "7"]
[White "Stankovic, Serge"]
[Black "Sivan, Michel"]
[Result "1/2-1/2"]
[WhiteElo "2047"]
[BlackElo "2038"]
[PlyCount "62"]
[EventDate "2003.07.13"]
[EventType "swiss"]
[EventRounds "9"]
[EventCountry "FRA"]
[SourceTitle "CBM 095 Extra"]
[Source "ChessBase"]
[SourceDate "2003.09.04"]
[SourceVersion "1"]
[SourceVersionDate "2003.09.04"]
[SourceQuality "1"]

1. e4 c5 2. d4 cxd4 3. c3 dxc3 4. Nxc3 Nc6 5. Nf3 d6 6. Bc4 e6 7. 0-0 Be7 8. Qe2 Nf6 9. Rd1 e5 10. Be3 0-0 11. Rac1 Bg4 12. h3 Bh5 13. g4 Bg6 14. Bc5 a6 15. a4 Qc7 16. Ba3 Rad8 17. Bxa6 Qd7 18. Bb5 Nxg4 19. hxg4 Qxg4+ 20. Kf1 Qh3+ 21. Ke1 Bh5 22. Bxc6 bxc6 23. Rd3 Qg2 24. Kd1 f5 25. Kc2 fxe4 26. Rd2 exf3 27. Qc4+ d5 28. Qxc6 Bxa3 29. bxa3 d4 30. Nd5 Qg6+ 31. Kb2 Rb8+ 1/2-1/2

[Event "St Chely d'Aubrac op 3rd"]
[Site "St Chely d'Aubrac"]
[Date "2003.07.15"]
[Round "4"]
[White "Badea, Bela"]
[Black "Stankovic, Serge"]
[Result "1-0"]
[WhiteElo "2499"]
[BlackElo "2047"]
[PlyCount "67"]
[EventDate "2003.07.13"]
[EventType "swiss"]
[EventRounds "9"]
[EventCountry "FRA"]
[SourceTitle "CBM 095 Extra"]
[Source "ChessBase"]
[SourceDate "2003.09.04"]
[SourceVersion "1"]
[SourceVersionDate "2003.09.04"]
[SourceQuality "1"]

1. Nf3 c5 2. c4 Nc6 3. d4 cxd4 4. Nxd4 g6 5. e4 Bg7 6. Be3 Nf6 7. Nc3 d6 8. Be2 Bd7 9. 0-0 0-0 10. f3 Rc8 11. Qd2 Ne5 12. b3 Qa5 13. Rfd1 Rfe8 14. Rac1 a6 15. Bf1 Rc7 16. Qb2 Rcc8 17. a3 e6 18. h3 Red8 19. Qa2 Qc7 20. Qf2 Qb8 21. a4 b6 22. f4 Nc6 23. Nde2 Be8 24. Bxb6 Rd7 25. a5 Rb7 26. Qe1 Nd7 27. Na4 Nxb6 28. Nxb6 Rd8 29. b4 Rxb6 30. axb6 Qxb6+ 31. c5 dxc5 32. bxc5 Qa7 33. Rxd8 Nxd8 34. Qa5 1-0

[Event "St Chely d'Aubrac op 3rd"]
[Site "St Chely d'Aubrac"]
[Date "2003.07.14"]
[Round "2"]
[White "Todorov, Ognjan"]
[Black "Stankovic, Serge"]
[Result "1/2-1/2"]
[WhiteElo "2339"]
[BlackElo "2047"]
[PlyCount "77"]
[EventDate "2003.07.13"]
[EventType "swiss"]
[EventRounds "9"]
[EventCountry "FRA"]
[SourceTitle "CBM 095 Extra"]
[Source "ChessBase"]
[SourceDate "2003.09.04"]
[SourceVersion "1"]
[SourceVersionDate "2003.09.04"]
[SourceQuality "1"]

1. d4 Nf6 2. Nf3 d5 3. c4 c5 4. cxd5 Nxd5 5. e4 Nf6 6. d5 e6 7. Bb5+ Bd7 8. Bxd7+ Qxd7 9. Nc3 exd5 10. exd5 Bd6 11. 0-0 0-0 12. Bg5 Qf5 13. Qb3 b6 14. Bxf6 Qxf6 15. Ne4 Qg6 16. Rfe1 Nd7 17. Nh4 Qh6 18. g3 Be5 19. Nf5 Qh5 20. Ne7+ Kh8 21. Qb5 Qg4 22. Kg2 Nf6 23. h3 Qd7 24. Qxd7 Nxd7 25. Re2 Rae8 26. d6 f5 27. Ng5 Bxd6 28. Rae1 Bxe7 29. Rxe7 Nf6 30. Nf7+ Kg8 31. Nd6 Rxe7 32. Rxe7 Rd8 33. Nxf5 Rd7 34. Re2 Kf7 35. g4 g6 36. Ne3 Nd5 37. Nxd5 Rxd5 38. Kg3 g5 39. f3 1/2-1/2

[Event "Aurec Cup"]
[Site "Aurec"]
[Date "2002.06.15"]
[Round "3"]
[White "Campo, Alain"]
[Black "Stankovic, Serge"]
[Result "1-0"]
[WhiteElo "1820"]
[BlackElo "2089"]
[PlyCount "129"]
[EventDate "2002.06.??"]
[EventType "team-tourn"]
[EventRounds "5"]
[EventCountry "FRA"]
[SourceTitle "EXT 2004"]
[Source "ChessBase"]
[SourceDate "2003.11.25"]
[SourceVersion "1"]
[SourceVersionDate "2003.11.25"]
[SourceQuality "1"]

1. e4 c5 2. Nf3 Nc6 3. d4 cxd4 4. Nxd4 Nf6 5. Nc3 e5 6. Ndb5 d6 7. Bg5 a6 8. Bxf6 gxf6 9. Na3 b5 10. Nd5 f5 11. Bd3 Be6 12. c3 Bg7 13. 0-0 0-0 14. f3 f4 15. Nc2 Rc8 16. Ncb4 Nxb4 17. Nxb4 a5 18. Nd5 Bxd5 19. exd5 Kh8 20. Bxb5 Qb6+ 21. Kh1 Qxb5 22. Qd2 a4 23. Rac1 Rc5 24. Rfd1 Rb8 25. Rc2 Qc4 26. a3 Rbb5 27. Rcc1 Rxd5 28. Qc2 Rxd1+ 29. Rxd1 Qb3 30. Qd2 Bf8 31. Qd3 Kg8 32. Rd2 Rb8 33. h4 Qe6 34. Qe4 Qf6 35. Kg1 Qxh4 36. Re2 Re8 37. Qxa4 Re6 38. Qd7 Rg6 39. b4 Qg3 40. Qf5 Rg5 41. Qc2 Rh5 42. Rf2 Qh2+ 43. Kf1 Qh1+ 44. Ke2 Qa1 45. a4 Rh1 46. b5 Qe1+ 47. Kd3 Qe3+ 48. Kc4 Rc1 49. Qd2 Rxc3+ 50. Qxc3 Qxf2 51. Kd5 Qa2+ 52. Qc4 Qd2+ 53. Kc6 Qa5 54. b6 Be7 55. Qb5 Qa8+ 56. b7 Qb8 57. Kd5 Bd8 58. Qc6 Bc7 59. Qa6 Kf8 60. Qa8 Ke7 61. Kc6 Ke6 62. a5 d5 63. a6 Bd6 64. Qxb8 Bxb8 65. Kb6 1-0

[Event "Aurec Cup"]
[Site "Aurec"]
[Date "2002.06.15"]
[Round "2"]
[White "Stankovic, Serge"]
[Black "Neto, Jeremy"]
[Result "1/2-1/2"]
[WhiteElo "2089"]
[BlackElo "2240"]
[PlyCount "73"]
[EventDate "2002.06.??"]
[EventType "team-tourn"]
[EventRounds "5"]
[EventCountry "FRA"]
[SourceTitle "EXT 2004"]
[Source "ChessBase"]
[SourceDate "2003.11.25"]
[SourceVersion "1"]
[SourceVersionDate "2003.11.25"]
[SourceQuality "1"]

1. e4 e6 2. d4 d5 3. Be3 Nf6 4. e5 Nfd7 5. f4 c5 6. Nf3 Nc6 7. c3 a6 8. Bd3 Qb6 9. b3 cxd4 10. Nxd4 Bc5 11. Bc2 Nxd4 12. Bxd4 Bxd4 13. cxd4 Qb4+ 14. Qd2 Qxd2+ 15. Nxd2 b5 16. 0-0 g6 17. Rac1 Nb6 18. Bd3 Bd7 19. Rc7 Ke7 20. Rfc1 Rhc8 21. Nf3 h6 22. Kf2 Kd8 23. Rxc8+ Nxc8 24. Be2 Ne7 25. a3 Rc8 26. Rxc8+ Bxc8 27. g4 Nc6 28. Ke3 Ke7 29. Ne1 Na5 30. Bd1 Bd7 31. Nd3 Nb7 32. b4 Bc6 33. Nc5 Nxc5 34. bxc5 a5 35. Kd3 Kd7 36. Bc2 Ke7 37. Kc3 1/2-1/2

[Event "Aurec Cup"]
[Site "Aurec"]
[Date "2002.06.15"]
[Round "1"]
[White "Testard, Philippe"]
[Black "Stankovic, Serge"]
[Result "1-0"]
[WhiteElo "1960"]
[BlackElo "2089"]
[PlyCount "59"]
[EventDate "2002.06.??"]
[EventType "team-tourn"]
[EventRounds "5"]
[EventCountry "FRA"]
[SourceTitle "EXT 2004"]
[Source "ChessBase"]
[SourceDate "2003.11.25"]
[SourceVersion "1"]
[SourceVersionDate "2003.11.25"]
[SourceQuality "1"]

1. d4 e5 2. dxe5 Nc6 3. Nf3 d5 4. g3 f6 5. exf6 Nxf6 6. Bg2 Bc5 7. 0-0 0-0 8. Nbd2 Bg4 9. a3 a5 10. c4 d4 11. Nb3 Ba7 12. Bg5 a4 13. Nc1 h6 14. Bf4 g5 15. Bd2 Ne4 16. Nd3 Na5 17. Bxa5 h5 18. h3 Bf5 19. h4 gxh4 20. Nxh4 Bh7 21. Bd2 Qf6 22. Rc1 Qg7 23. c5 Nxg3 24. fxg3 Qxg3 25. Nf3 Be4 26. Be1 Qg7 27. Qxa4 Rf6 28. Qc4+ Kh8 29. Qxd4 Bc6 30. Bc3 1-0